| 000 | 00522nam a2200145 a 4500 | ||
|---|---|---|---|
| 001 | 000026747 | ||
| 005 | 20200930030405.0 | ||
| 008 | 110325s1983 dr 000 0 spa d | ||
| 040 |
_aDO-SdBNP _bspa _cBNPHU |
||
| 110 | 2 |
_aRepública Dominicana _bSecretaría de Estado de Agricultura _917769 |
|
| 245 | 1 | 0 | _aEstudio detallado de suelos del asentamiento campesino Jobo Dulce (Higüey) /. |
| 260 |
_aSanto Domingo : _bSecretaría de Estado de Agricultura, _c1983. |
||
| 300 |
_a80 P. ; _c28 cm. |
||
| 500 | _aIncluye un mapa anexo | ||
| 999 |
_c26239 _d26239 |
||